Normal view
MARC view
- PAKISTAN-THE FORMATIVE PHASE 1857-1948
Entry Topical Term
001 - CONTROL NUMBER
- control field: 63851
003 - CONTROL NUMBER IDENTIFIER
- control field: NUST
005 - DATE AND TIME OF LATEST TRANSACTION
- control field: 20210628203204.0
008 - FIXED-LENGTH DATA ELEMENTS
- fixed length control field: 210628|| aca||aabn | a|a d
040 ## - CATALOGING SOURCE
- Original cataloging agency: NUST
- Transcribing agency: NUST
150 ## - HEADING--TOPICAL TERM
- Topical term or geographic name entry element: PAKISTAN-THE FORMATIVE PHASE 1857-1948
670 ## - SOURCE DATA FOUND
- Source citation: Work cat.: (NUST): Khalid Bin Sayeed 9229, Pakistan, the formative phase 1857-1948, 2007
